00566nam a2200145 a 450000100100000000500170001000800410002704000250006808200150009310000210010824500950012926001300022430000360035450400300039000002784920200930031139.0110405s19uu dr ab 000 0 spa d aDO-SdBNPbspacBNPHU axxxbS129g1 aSagawe, Thorsten10aGeografía, población e historia en R. D. al través de los siglos /cThorsten Sagawe. aSanto Domingo :bUniversidad Autónoma de Santo Domingo ;bInstituto de Investigaciones Socioeconómicas (INISE),c[19--?]. a92 p. :bgraf., mapas ;c22 cm. aBibliografía : p. 89-92